رسول اللہ کی زرعی منصوبُ بندی (Record no. 64847)

MARC details
000 -LEADER
fixed length control field 00272nam a22001097a 4500
082 ## - DEWEY DECIMAL CLASSIFICATION NUMBER
Classification number 297.63 ASL
100 ## - MAIN ENTRY--AUTHOR NAME
Personal name محمد اسلم
245 ## - TITLE STATEMENT
Title رسول اللہ کی زرعی منصوبُ بندی
260 ## - PUBLICATION, DISTRIBUTION, ETC. (IMPRINT)
Place of publication راو لپندی
Year of publication ۱۹۸۶
300 ## - PHYSICAL DESCRIPTION
Number of Pages ۲۲۸
942 ## - ADDED ENTRY ELEMENTS (KOHA)
Koha item type Books
Holdings
Withdrawn status Lost status Home library Current library Date acquired Full call number Accession Number Koha item type
    Reference Section Reference Section 02/07/2019 297.63 ASL (Shelf -19D) R16556 Books